000
00337nam a2200133Ia 4500
008
240624s9999 xx 000 0 und d
041
_a
eng
082
_a
601 STE
100
_a
STEVENSON MARK
245
_a
OPTIMIST S TOUR OF THE FUTURE ONE CURIOU
260
_c
2011
_a
New York
_b
Penguin
300
_a
373 : p. : cm. ; 24
365
_c
_b
28
999
_c
21305
_d
21305